| 000 | 01815nam a2200325 i 4500 | ||
|---|---|---|---|
| 999 |
_c5189 _d5189 |
||
| 003 | OSt | ||
| 005 | 20250825080549.0 | ||
| 008 | 250404s2025 nyua j 6b 000 1 eng d | ||
| 020 | _a9781338777215 | ||
| 040 |
_aDLC _beng _erda _cDLC _dCaOL _dKH8 |
||
| 082 | _aFIC TEL | ||
| 100 | 1 |
_aTelgemeier, Raina, _eauthor, _eillustrator. |
|
| 245 | 1 | 4 |
_aThe cartoonists club / _cRaina Telgemeier & Scott McCloud ; inking by Ray Baehr ; color by Beniam C. Hollman ; lettering by Jesse Post. |
| 250 | _aFirst edition. | ||
| 264 | 1 |
_aNew York : _bScholastic, an imprint of Scholastic, _c2025. |
|
| 300 |
_a261 pages : _bchiefly colour illustrations ; _c21 cm. |
||
| 336 |
_atext _btxt _2rdacontent. |
||
| 336 |
_astill image _bsti _2rdacontent. |
||
| 337 |
_aunmediated _bn _2rdamedia. |
||
| 338 |
_avolume _bnc _2rdacarrier. |
||
| 500 | _aIncludes an interview with Raina Telgemeier and Scott McCloud, a glossary, and information about cartooning as a profession. | ||
| 504 | _aIncludes bibliographical references. | ||
| 520 |
_a"Makayla is bursting with ideas but doesn't know how to make them into a story. Howard loves to draw, but he struggles to come up with ideas and his dad thinks comics are a waste of time. Lynda constantly draws in her sketchbook but can't help but focus on what she feels are mistakes, and Art simply loves being creative and is excited to try something new. They come together to form the Cartoonists Club, where kids can learn about making comics and use their creativity and imagination for their own storytelling adventures!"-- _cProvided by publisher. |
||
| 650 | 0 |
_aCartoonists _vJuvenile fiction. |
|
| 650 | 0 |
_aClubs _vJuvenile fiction. |
|
| 650 | 0 |
_aGraphic novels. _2genre. |
|
| 700 | 1 |
_aMcCloud, Scott, _d1960- _eauthor, _eillustrator. |
|
| 700 | 1 |
_aBaehr, Ray, _einker. |
|
| 942 |
_2ddc _cGN |
||